| 000 | 01221cam a2200325 i 4500 | ||
|---|---|---|---|
| 001 | 41877 | ||
| 003 | Mx-PuUPA | ||
| 005 | 20250219092100.0 | ||
| 008 | 140415s2017 mx gr 000 0 spa d | ||
| 020 | _a9786074322262 | ||
| 040 |
_aMx-PuUPA _bspa _cMx-PuUPA _dMx-PuUPA _erda |
||
| 041 | 0 | _aspa | |
| 100 | 1 |
_aDenetro García, Claudia Monserrat, _916739 _eautor |
|
| 245 | 1 | 3 |
_aEl niño con dificultad para socializar : _bguía para comprenderlo, ayudarlo y amarlo / _cClaudia Montserrat Denetro García |
| 250 |
_aPrimera edición / _bmayo |
||
| 264 | 1 |
_aCiudad de México : _bMinos Tercer Milenio, _c©2017 |
|
| 300 |
_a198 páginas ; _c21 cm |
||
| 336 |
_2rdacontent _atexto _btxt |
||
| 337 |
_2rdamedia _asin medio _bn |
||
| 338 |
_2rdacarrier _avolumen _bnc |
||
| 650 | 7 |
_2armarc _aNiños _xEducación moral |
|
| 650 | 7 |
_2armarc _aDeterminación en niños |
|
| 650 | 7 |
_2armarc _aEducación de niños con discapacidades sociales |
|
| 650 | 7 |
_2armarc _aPadres e hijos _xEducación en el hogar |
|
| 942 |
_2ddc _cLI _h649.1567 _iD35 |
||
| 999 |
_c41877 _d41877 |
||